000 00752nam a2200253 a 4500
001 BRL_1090
005 20190320211030.0
008 111113s1973----nyua######---#000-0#eng-#
041 _aeng
044 _au
050 4 _aTT28
_b.H37 1973
100 1 _aHarvey, Marian
_925760
245 1 0 _aCrafts of Mexico
_cMariam Harvey ; Photographs by Ken Harvey.
260 _aNew York
_bMacMillan Publishing
_c1973
300 _aviii, 248 p.
_bil. (algunas a color), mapas
_c26 cm.
500 _aIncluye dedicatoria a Ruth Lechuga
500 _aAu1216
504 _aBibliografía: p. 243-245
650 1 4 _aArtesanías
_zMéxico
_93976
650 1 4 _aArtes decorativas
_zMéxico
_93532
700 1 _aHarvey, Ken
_eil.
_925782
902 _aGRL
942 _2lcc
_cB
999 _c9902
_d9902